000
00285nam a2200109 4500
008
160704b xxu||||| |||| 00| 0 eng d
100
_9
2033
_a
Nehemiah, A
245
_a
Wedding Clothes!
260
_a
New Delhi
_b
Children Book Trust
_c
2000
300
_a
Wedding Clothes!
942
_2
ddc
_c
BK
999
_c
1734
_d
1734